| 000 | 00389nam a2200157Ia 4500 | ||
|---|---|---|---|
| 999 |
_c10744 _d10744 |
||
| 008 | 191201s2011 xx 000 0 und d | ||
| 082 |
_a320.8 _bSIG |
||
| 100 | _aSINGH, Abhay Prasad | ||
| 245 | 0 | _aGovernance Issues and Challenges | |
| 250 | _a1st Rep | ||
| 260 |
_aUttar Pradesh _bPearson _c2018 |
||
| 300 | _a370 | ||
| 650 | _aBA GEN | ||
| 700 | _aMURARI, Krishna | ||
| 942 |
_2ddc _cBK |
||